Music Quiz

Random Music Quiz

Every artist with a UK top 40 single in the 80s - E Quiz Stats

 Plays Quiz not verified by Sporcle

Challenge
Share
Tweet
Embed
Score 0/27 Timer 05:00
0 Plays Today
Biggest Hit Artist % Correct
The Final CountdownEurope
99%
There Must Be An Angel (Playing With My Heart)Eurythmics
94.9%
Orinoco FlowEnya
91.8%
9 To 5Sheena Easton
86.7%
SometimesErasure
75.5%
Hold On TightElectric Light Orchestra
71.4%
Getting Away With ItElectronic
69.4%
Loadsamoney (Doin' Up The House)Harry Enfield
69.4%
A Winter's TaleDavid Essex
68.4%
Let's GrooveEarth, Wind And Fire
65.3%
The CutterEcho and the Bunnymen
65.3%
I'm Not ScaredEighth Wonder
64.3%
I Don't Want To Talk About ItEverything But The Girl
63.3%
Bring Me EdelweissEdelweiss
62.2%
Biggest Hit Artist % Correct
Don't Wanna Lose YouGloria Estefan
58.2%
This Time (We'll Get It Right)England World Cup Squad
57.1%
The Belle Of St MarkSheila E
49%
Pacific - 707808 State
49%
She Means Nothing To MePhil Everly
42.9%
Ain't No StoppingEnigma
33.7%
(I Just Wanna) Spend Some Time With YouAlton Edwards
30.6%
Here We GoEverton FC
30.6%
Tell Me When The Fever EndedElectribe 101
28.6%
Singing The BluesDave Edmunds
25.5%
Wikka WrapEvasions
23.5%
Dead CitiesThe Exploited
19.4%
Original Bird DanceElectronicas
17.3%

You're not logged in!

Compare scores with friends on all Sporcle quizzes.
OR
Log In

You Might Also Like...

Show Comments

Extras

Top Quizzes Today


Score Distribution

Your Account Isn't Verified!

In order to create a playlist on Sporcle, you need to verify the email address you used during registration. Go to your Sporcle Settings to finish the process.

Report this User

Report this user for behavior that violates our Community Guidelines.

Details: